Car quiz - Statistics

General Stats
  • This quiz has been taken 21 times
  • The average score is 10 of 15
Answer Stats
Hint Answer % Correct
f-150 ford
100%
Highlander toyota
95%
firebird pontiac
89%
beetle volkswagen
89%
f40 ferrari
84%
cx5 mazda
79%
M4 BMW
74%
odessy honda
74%
rs5 audi
68%
hurracan Lamborghini
68%
sentra nissan
63%
tahoe chevy
53%
zr1 Corvette
47%
sierra GMC
42%
g35 Infinity
11%
No matching quizzes found
Score Distribution
Percent of People with Each Score
Percentile by Number Answered
Your Score History
You have not taken this quiz